[Event "LSS No Engine Cup 216 Preliminary 0"]
[Site "LSS email"]
[Date "2021.04.11"]
[Round "?"]
[White "Mcdaniel, Curtis"]
[Black "Jenneborg, Seved"]
[Result "1/2-1/2"]
[WhiteElo "2114"]
[BlackElo "2197"]
[PlyCount "57"]
[EventDate "2021.04.11"]
[EventType "tourn (corr)"]
[EventRounds "6"]
[EventCountry "GER"]
[SourceTitle "Corr 2024"]
[Source "ChessBase"]
[SourceDate "2023.10.19"]
[SourceVersion "1"]
[SourceVersionDate "2023.10.19"]
[SourceQuality "1"]

1. e4 e6 2. d4 d5 3. Nd2 c5 4. Ngf3 Nc6 5. exd5 exd5 6. Bb5 Qe7+ 7. Be2 Nf6 8. 0-0 Qc7 9. Re1 cxd4 10. Nb3 Bb4 11. Bd2 0-0 12. Bxb4 Nxb4 13. Nfxd4 Bd7 14. c3 Nc6 15. Nc5 Rad8 16. Nxc6 Bxc6 17. Qd4 a5 18. Bf3 Ne4 19. g3 Rfe8 20. Rad1 h6 21. Bg2 Nf6 22. Nd3 Re4 23. Qa7 Nd7 24. Nf4 Rxe1+ 25. Rxe1 Qb6 26. Qxb6 Nxb6 27. b3 g5 28. Ne2 Re8 29. Kf1 1/2-1/2

[Event "RB-2021-0-00400"]
[Site "LSS email"]
[Date "2021.03.27"]
[Round "?"]
[White "Salonen, Jukka"]
[Black "Jenneborg, Seved"]
[Result "1/2-1/2"]
[WhiteElo "1817"]
[BlackElo "1927"]
[PlyCount "81"]
[EventDate "2020.12.05"]
[EventType "tourn (corr)"]
[EventRounds "6"]
[EventCountry "GER"]
[SourceTitle "Corr 2024"]
[Source "ChessBase"]
[SourceDate "2023.10.19"]
[SourceVersion "1"]
[SourceVersionDate "2023.10.19"]
[SourceQuality "1"]

1. e4 c5 2. Nf3 Nc6 3. Bb5 e5 4. 0-0 Bd6 5. c3 a6 6. Ba4 b5 7. Bc2 Nge7 8. d3 Ng6 9. Be3 0-0 10. Nbd2 Be7 11. a4 Rb8 12. axb5 axb5 13. Bb3 d6 14. Bd5 Bd7 15. Qb3 Bf6 16. Ra6 Qc7 17. Ng5 Bxg5 18. Bxg5 h6 19. Be3 Nge7 20. f4 Bc8 21. Raa1 exf4 22. Bxf4 Nxd5 23. Qxd5 Ne5 24. Bxe5 dxe5 25. Nf3 Re8 26. b4 cxb4 27. cxb4 Bg4 28. Ra6 Bxf3 29. Rxf3 Red8 30. Qc5 Qxc5+ 31. bxc5 f6 32. c6 Rbc8 33. Rb6 h5 34. Kf2 Rd6 35. Rxb5 Rdxc6 36. Kg3 Rc2 37. Rf2 h4+ 38. Kf3 Rxf2+ 39. Kxf2 Rc2+ 40. Kf3 Rd2 41. Rd5 1/2-1/2

[Event "SB-2021-0-00612"]
[Site "LSS email"]
[Date "2021.03.20"]
[Round "?"]
[White "Dworok, Mecislav"]
[Black "Jenneborg, Seved"]
[Result "1-0"]
[WhiteElo "1844"]
[BlackElo "1927"]
[PlyCount "123"]
[EventDate "2021.01.31"]
[EventType "tourn (corr)"]
[EventRounds "6"]
[EventCountry "GER"]
[SourceTitle "Corr 2024"]
[Source "ChessBase"]
[SourceDate "2023.10.19"]
[SourceVersion "1"]
[SourceVersionDate "2023.10.19"]
[SourceQuality "1"]

1. e4 a6 2. d4 e6 3. Bd3 d5 4. Nc3 Bb4 5. e5 Ne7 6. a3 Bxc3+ 7. bxc3 c5 8. Qg4 Qa5 9. Bd2 c4 10. Be2 0-0 11. h4 f6 12. Nf3 Nbc6 13. h5 fxe5 14. h6 g6 15. dxe5 Rf5 16. 0-0 Nxe5 17. Nxe5 Rxe5 18. Rae1 Rf5 19. Qh3 Rf7 20. Bg4 Nf5 21. Re5 Bd7 22. Rb1 Qxa3 23. Bxf5 exf5 24. Rxb7 Qf8 25. Qh4 Re8 26. Rxe8 Qxe8 27. Qf4 Qe6 28. Rb8+ Be8 29. Qd4 Rc7 30. f3 a5 31. Kf2 a4 32. Bc1 f4 33. Bxf4 Rd7 34. Bc1 a3 35. Bxa3 Rf7 36. Qxd5 Re7 37. Qd2 Rd7 38. Qf4 Rf7 39. Qd6 Qxd6 40. Rxe8+ Qf8 41. Rxf8+ Rxf8 42. Bxf8 Kxf8 43. f4 Ke7 44. g4 Kf6 45. g5+ Ke6 46. Ke3 Kf5 47. Kf3 Ke6 48. Ke4 Ke7 49. Kd5 Kf7 50. Kxc4 Ke6 51. Kd4 Kf5 52. Ke3 Ke6 53. Ke4 Kf7 54. Kd5 Ke7 55. Ke5 Kf7 56. Kd6 Ke8 57. c4 Kd8 58. f5 Ke8 59. f6 Kf7 60. c5 Kf8 61. c6 Ke8 62. c7 1-0